000 00407nam a22001457a 4500
005 20250702170849.0
008 250702b |||||||| |||| 00| 0 eng d
020 _a0899576516
050 _aREF BS2085
_b.1991 COM
245 _aTHE COMPLETE WORD STUDY NEW TESTAMENT
_cEDITED BY SPIROS ZODHIATES
260 _aUSA
_bAMG PUBLISHERS
_cc1991
300 _a1257p
700 _aSPIROS ZODHIATES
942 _2lcc
_cBK
_n0
999 _c6818
_d6818